Yu-Gi-Oh Arc-V Ultimate Quiz - Statistics

General Stats
  • This quiz has been taken 50 times
  • The average score is 40 of 89
Answer Stats
Answers % Correct
Duel School #3 Characters Yugo
97%
Duel School #4 Characters Yuri
97%
Duel School #2 Characters Yuto
97%
Duel School #1 Characters Yuya
97%
Declan
88%
Gong
88%
Origin Characters Celina
85%
Duel Schools Fusion
85%
Tournament #2 Competitors Lulu
85%
Duel Commentators Rin
85%
Lancers/Leader Synchro
85%
The Main Eight Xyz
85%
Z-Arc
85%
Tournament #1 Competitors Zuzu
85%
Leo Akaba
82%
Ray
82%
Dimensions Standard
79%
Dimension #3 Classes Sora
76%
Jack Atlas
74%
Shay
74%
Moon Shadow
71%
Riley
71%
Tournaments Pendulum
65%
Madam Chairwoman Yusho
65%
Crow
62%
Dennis
62%
Friendship Cup
62%
Sylvio
62%
Commons Allie
59%
Duel Academy
59%
Kit
59%
Alexis
53%
Sun Shadow
53%
Topsiders Tate
53%
You Show Duel School
53%
Aster Phoenix
50%
Leo Institute
47%
Mayor Frederick
44%
Kite
44%
Original
44%
Shinji
41%
Pro Duelist Skip
41%
Bodyguard Yoko
41%
Dipper
38%
Heartland Duel School
38%
Julia
38%
Apollo
35%
Doktor
35%
Melissa Trail
35%
Nico Smiley
35%
Roget
35%
Sledgehammer
35%
Commons
32%
Saya
32%
Topsiders
32%
Arc League Championship
29%
Battle Beast
29%
Diana
29%
Henrietta
29%
Sergey
29%
Allen
26%
Furio Sawatari
26%
Chojiro
24%
Iggy
24%
Reed Pepper
24%
Gloria Tyler
21%
Grace Tyler
21%
Professor Marco
21%
Trout
21%
Amanda
18%
Aura
18%
Barrett
18%
Claud
18%
Tarren
18%
Frank
15%
Hunter Pace
15%
Olga
15%
Tony
15%
Damon
12%
Grizzlepike
12%
Halil
12%
Lazar
12%
Lucas Swank
12%
Noro
12%
Sam
12%
Sanders
12%
Captain Cutter
9%
Micky Starlett
9%
Ravenwood
9%
No matching quizzes found
Score Distribution
Percent of People with Each Score
Percentile by Number Answered
Your Score History
You have not taken this quiz